000 00445cam a2200169 a 4500
020 _a0534359248
040 _cDLC
082 0 4 _a519 CAR 1999 C332 Or.
100 1 _aCarver, Robert H
245 1 0 _aDoing data analysis with Minitab 12 /
260 _aPacific Grove :
_bDuxbury Press,
_c1999
300 _axv, 285 p. :
_bill. ;
_c24 cm
500 _aIncludes index
650 0 _aStatistics
650 0 _aMathematical statistics
942 _cAEDBB
999 _c22049
_d22049